[Event "European Online Club-ch-B 2021"]
[Site "Online"]
[Date "2021.03.27"]
[Round "3.5"]
[White "Edouard, Romain"]
[Black "Vidit, Santosh Gujrathi"]
[Result "0-1"]
[WhiteElo "2614"]
[BlackElo "2726"]
[Annotator "TA"]
[PlyCount "88"]
[EventDate "2021.03.27"]
[EventType "team-tourn"]
[EventCountry "NET"]
[SourceTitle "playchess.com"]
[Source "ChessBase"]
[SourceQuality "1"]

{[%evp 10,88,24,21,31,24,29,37,43,34,31,-20,-6,-18,-1,0,-6,-56,-62,-57,-30,-30,-30,-24,-29,-19,-31,-25,-33,-33,-33,-33,-33,-38,0,-37,-3,-22,-14,-13,-13,-10,-15,-33,-51,-72,-82,-102,-90,-90,-47,-32,-4,-155,-154,-231,-210,-327,-319,-730,-706,-676,-662,-5189,-4527,-29973,-29974,-29975,-29976,-29976,-29965,-29967,-29969,-29967,-29968,-29979,-29980,-29980,-29981,-29977,-29963]} 1. d4 Nf6 2. c4 e6 3. Nc3 Bb4 4. Nf3 O-O 5. Bg5 c5 6. Rc1 cxd4 {E21: Nimzo-Indian: 4 Nf3.} 7. Nxd4 e5 $5 {[%mdl 4] A promising side line.} 8. Ndb5 d5 {White is slightly better.} 9. cxd5 a6 {[#]} 10. Na3 $146 (10. Bxf6 $14 Qxf6 {[#]} 11. Qa4 $1) ({Predecessor:} 10. Bxf6 Qxf6 11. Qa4 Qh4 12. a3 Qh6 13. Rd1 Bc5 14. Ne4 Bb6 15. Nbd6 Bxf2+ 16. Nxf2 Qxd6 {0-1 (23) Saule,Z (1762)-Brusila,H (2216) ICCF email 2008}) 10... Qxd5 $11 11. Bxf6 Qxd1+ 12. Kxd1 gxf6 13. Nc4 (13. Nd5 $5 {[%cal Rd5b4]} Bxa3 14. bxa3 $11) 13... Rd8+ 14. Kc2 Nc6 15. Nb6 Rb8 {And now ...Bf5+ would win.} 16. Nxc8 Rbxc8 17. e3 Bxc3 18. bxc3 Nb4+ 19. Kb3 Nd3 20. Bxd3 Rxd3 $15 {[%mdl 4096] Endgame KRR-KRR} 21. a4 e4 22. h4 f5 23. h5 Kg7 24. Rh4 $1 Kf6 25. Rf4 $1 Rg8 26. Rg1 Rg4 27. Rxg4 fxg4 {KR-KR} 28. Kc2 g3 29. Rf1 gxf2 30. Rxf2+ Ke6 31. Re2 {[#]} (31. Rf4 $11 Rxe3 32. g4) 31... f5 $17 32. Re1 (32. Kb3 $17) 32... Kf6 33. Rb1 (33. c4 $142) 33... Rxe3 $19 34. Rxb7 $2 (34. Rb6+ Ke5 35. h6) 34... Re2+ 35. Kd1 Rxg2 36. Rxh7 f4 37. h6 f3 {Black mates.} 38. Rh8 Kg6 39. h7 Kg7 40. Re8 Kxh7 41. Ke1 Re2+ 42. Kf1 Kg6 43. c4 Kf5 44. c5 Rc2 {Weighted Error Value: White=0.56/Black=0.06} 0-1

[Event "European Online Club-ch-B 2021"]
[Site "Online"]
[Date "2021.03.27"]
[Round "3.6"]
[White "Wojtaszek, Radoslaw"]
[Black "Fontaine, Robert"]
[Result "1/2-1/2"]
[WhiteElo "2705"]
[BlackElo "2550"]
[Annotator "RC"]
[PlyCount "96"]
[EventDate "2021.03.27"]
[EventType "team-tourn"]
[EventCountry "NET"]
[SourceTitle "playchess.com"]
[Source "ChessBase"]
[SourceQuality "1"]
[TimeControl "900+5"]

1. c4 {[%emt 0:00:00]} e5 {[%emt 0:00:05]} 2. Nc3 {[%emt 0:00:07]} Nc6 {[%emt 0:00:01]} 3. g3 {[%emt 0:00:03]} g6 {[%emt 0:00:03]} 4. Bg2 {[%emt 0:00:01]} Bg7 {[%emt 0:00:01]} 5. d3 {[%emt 0:00:02]} d6 {[%emt 0:00:02]} 6. e3 {[%emt 0:00:07]} f5 {[%emt 0:00:11]} 7. Nge2 {[%emt 0:00:04]} Nf6 {[%emt 0:00:01]} 8. b3 {[%emt 0:00:07]} O-O {[%emt 0:00:02]} 9. Bb2 {[%emt 0:00:02]} g5 {[%emt 0:00:21]} 10. Qd2 {[%emt 0:00:10]} a5 {[%emt 0:00:06]} 11. f4 {[%emt 0:00:12]} exf4 {[%emt 0:00:13]} 12. gxf4 {[%emt 0:01:14]} g4 {[%emt 0:00:05]} 13. h3 {[%emt 0:00:05]} Be6 {[%emt 0:00:22]} 14. hxg4 {[%emt 0:00:18]} Nxg4 {[%emt 0:00:03]} 15. Nd5 {[%emt 0:00:51]} Qd7 {[%emt 0:00:20]} 16. Ng3 {[%emt 0:01:27]} Nb4 {[%emt 0:00:12]} 17. Nxb4 {[%emt 0:01:30]} axb4 {[%emt 0:00:04]} 18. Nh5 {[%emt 0:00:01]} Bxb2 {[%emt 0:00:52]} 19. Qxb2 {[%emt 0:00:03]} Qf7 {[%emt 0:01:13]} 20. Bxb7 {[%emt 0:00:40]} Ra7 {[%emt 0:00:04]} 21. Bf3 {[%emt 0:00:11]} Qg6 {[%emt 0:00:24]} 22. Kd2 {[%emt 0:00:36]} c5 {[%emt 0:00:20]} 23. Rag1 {[%emt 0:00:18]} Kf7 {[%emt 0:00:33]} 24. Kc1 {[%emt 0:01:51]} Ke7 {[%emt 0:00:05]} 25. e4 {[%emt 0:00:56]} Rg8 {[%emt 0:01:24]} 26. Ng3 {[%emt 0:00:15]} Kd8 {[%emt 0:01:36]} 27. Bxg4 {[%emt 0:00:29]} Qxg4 {[%emt 0:01:00]} 28. Ne2 {[%emt 0:02:36]} Qf3 {[%emt 0:00:02]} 29. Qf6+ {[%emt 0:00:13]} Kc7 {[%emt 0:00:19]} 30. Qxe6 {[%emt 0:00:54]} Qe3+ {[%emt 0:01:50]} 31. Kd1 {[%emt 0:00:03]} Qxd3+ {[%emt 0:00:04]} 32. Ke1 {[%emt 0:00:02]} Rxa2 {[%emt 0:00:03]} 33. exf5 {[%emt 0:00:14]} Rxg1+ {[%emt 0:01:15]} 34. Rxg1 {[%emt 0:00:04]} Kb6 {[%emt 0:00:25]} 35. f6 {[%emt 0:00:30]} Qd2+ {[%emt 0:00:42]} 36. Kf1 {[%emt 0:00:07]} Qd3 {[%emt 0:00:42]} 37. Kf2 {[%emt 0:00:28]} Qd4+ {[%emt 0:00:02]} 38. Kf3 {[%emt 0:00:23]} Qd3+ {[%emt 0:00:40]} 39. Qe3 {[%emt 0:00:03]} Qf5 {[%emt 0:00:01]} 40. Rg8 {[%emt 0:00:36]} Qh3+ {[%emt 0:00:12]} 41. Ng3 {[%emt 0:00:02]} h5 {[%emt 0:00:08]} 42. Rb8+ {[%emt 0:00:25]} Ka7 {[%emt 0:00:03]} 43. Qe7+ {[%emt 0:00:04]} Kxb8 {[%emt 0:00:02]} 44. Qxd6+ {[%emt 0:00:03]} Kb7 {[%emt 0:00:09]} 45. Qd5+ {[%emt 0:00:01]} Kb6 {[%emt 0:00:06]} 46. Qd6+ {[%emt 0:00:02]} Kb7 {[%emt 0:00:01]} 47. Qd5+ {[%emt 0:00:01]} Kb6 {[%emt 0:00:01]} 48. Qd6+ {[%emt 0:00:12]} Kb7 {[%emt 0:00:02]} 1/2-1/2

[Event "European Online Club-ch-B 2021"]
[Site "Online"]
[Date "2021.03.27"]
[Round "3.7"]
[White "Sokolov, Andrei"]
[Black "Navara, David"]
[Result "1/2-1/2"]
[WhiteElo "2516"]
[BlackElo "2697"]
[Annotator "TA"]
[PlyCount "102"]
[EventDate "2021.03.27"]
[EventType "team-tourn"]
[EventCountry "NET"]
[SourceTitle "playchess.com"]
[Source "ChessBase"]
[SourceQuality "1"]

{[%evp 14,102,20,19,27,26,22,-15,-8,-12,0,0,-7,-3,21,12,6,15,0,0,0,9,23,-59,-49,-39,-44,-82,-72,-72,-48,-40,13,-21,-21,-22,-22,-22,-22,-18,-25,-18,207,207,207,207,207,207,207,207,207,207,207,192,192,168,195,161,163,160,166,168,159,161,193,193,193,193,207,185,398,391,391,329,391,391,384,0,0,0,342,300,322,225,356,0,0,0,0,0,0]} 1. e4 c5 2. Nf3 d6 3. c3 Nf6 4. Be2 Nbd7 5. d3 b6 6. Nbd2 Bb7 7. O-O g6 8. Re1 Bg7 {B50: Sicilian: 2...d6, Miscellaneous.} 9. Bf1 O-O 10. a4 {[%cal Ba2a4,Ba4a5,Ba5a6][%mdl 32]} e5 11. a5 {[#]} b5 $146 ({Predecessor:} 11... Qc7 12. Qa4 Bc6 13. Qa3 d5 {½-½ (13) Soto Vega,J (2386)-Lopez,D (2215) Lima 2002}) 12. a6 Bc8 13. b4 Qb6 14. bxc5 dxc5 15. d4 exd4 16. cxd4 Bxa6 17. e5 Nd5 18. dxc5 (18. Ba3 $11) 18... Nxc5 $15 19. Bb2 Nf4 20. Bd4 {[#]} Nfe6 21. Be3 Rfd8 22. Qb1 Rac8 (22... Bb7 $15) 23. Ne4 (23. h3 {is more complex.} Rc7 24. Qa2 Bb7 25. Qxa7 Qc6 26. Qa3) 23... Bb7 24. Nxc5 $1 Nxc5 25. Qxb5 Bxf3 26. gxf3 Bxe5 27. Rac1 {[%cal Rc1c5]} Bd4 (27... Qxb5 $11 {and Black has nothing to worry.} 28. Bxb5 Ne6) 28. Bxd4 $18 Qxb5 29. Bxb5 Rxd4 30. Re5 Rf4 31. Rexc5 Rxc5 32. Rxc5 Rxf3 {[%mdl 4096] Endgame KRB-KR} 33. Rc7 a5 34. Ra7 Kg7 35. Be8 Rf5 36. Kg2 Rg5+ 37. Kf1 Rf5 38. Ba4 Rh5 39. Bb3 Rxh2 40. Rxf7+ Kh6 41. Ra7 Rh5 $2 (41... Kg5 {was necessary.} 42. Rxa5+ Kf6) 42. Bg8 {[#] f4 is the strong threat.} Rc5 43. Rxh7+ Kg5 44. Ra7 Kf4 45. Kg2 Rg5+ 46. Kf1 Rc5 $1 47. Rf7+ Ke5 48. Kg2 Rc8 (48... Kd4 $142 49. Rf3 Re5) 49. Ra7 $2 Rxg8 $11 {The position is equal.} 50. Rxa5+ Kf6 51. Ra6+ Kg7 {Weighted Error Value: White=0.25/Black=0.23} 1/2-1/2

[Event "European Online Club-ch-B 2021"]
[Site "Online"]
[Date "2021.03.27"]
[Round "3.8"]
[White "Sasikiran, Krishnan"]
[Black "Riff, Jean-Noel"]
[Result "1-0"]
[WhiteElo "2647"]
[BlackElo "2499"]
[Annotator "ChessBase"]
[PlyCount "59"]
[EventDate "2021.03.27"]
[EventType "team-tourn"]
[EventCountry "NET"]
[SourceTitle "playchess.com"]
[Source "ChessBase"]
[SourceQuality "1"]
[TimeControl "900+5"]

1. e4 {[%emt 0:00:00]} e5 {[%emt 0:00:03]} 2. Nf3 {[%emt 0:00:03]} Nc6 {[%emt 0:00:01]} 3. Bb5 {[%emt 0:00:04]} a6 {[%emt 0:00:01]} 4. Ba4 {[%emt 0:00:01]} Nf6 {[%emt 0:00:02]} 5. O-O {[%emt 0:00:02]} Be7 {[%emt 0:00:01]} 6. Re1 {[%emt 0:00:02]} b5 {[%emt 0:00:02]} 7. Bb3 {[%emt 0:00:01]} d6 {[%emt 0:00:01]} 8. c3 {[%emt 0:00:01]} O-O {[%emt 0:00:01]} 9. h3 {[%emt 0:00:01]} Bb7 {[%emt 0:00:02]} 10. d4 {[%emt 0:00:04]} Re8 {[%emt 0:00:01]} 11. Nbd2 {[%emt 0:00:02]} Bf8 {[%emt 0:00:01]} 12. a4 {[%emt 0:00:01]} h6 {[%emt 0:00:15]} 13. Bc2 {[%emt 0:00:16]} exd4 {[%emt 0:00:15]} 14. cxd4 {[%emt 0:00:04]} Nb4 {[%emt 0:00:01]} 15. Bb1 {[%emt 0:00:01]} c5 {[%emt 0:00:02]} 16. d5 {[%emt 0:00:01]} Nd7 {[%emt 0:00:12]} 17. Ra3 {[%emt 0:01:55]} c4 {[%emt 0:00:31]} 18. Nd4 {[%emt 0:02:35]} Qb6 {[%emt 0:03:42]} 19. Nf5 {[%emt 0:03:17]} Ne5 {[%emt 0:00:33]} 20. Rg3 {[%emt 0:02:00]} g6 {[%emt 0:02:12]} 21. Nf3 {[%emt 0:01:30]} Ned3 {[%emt 0:00:26]} 22. Be3 {[%emt 0:00:57]} Qc7 {[%emt 0:00:24]} 23. Nxh6+ {[%emt 0:00:34]} Bxh6 {[%emt 0:00:10]} 24. Bxh6 {[%emt 0:00:03]} Nxe1 {[%emt 0:00:02]} 25. Nxe1 {[%emt 0:01:11]} Re5 {[%emt 0:00:29]} 26. f4 {[%emt 0:00:52]} Qc5+ {[%emt 0:00:03]} 27. Kh2 {[%emt 0:00:02]} Re7 {[%emt 0:00:03]} 28. f5 {[%emt 0:00:13]} Kh7 {[%emt 0:00:41]} 29. Be3 {[%emt 0:00:22]} Qc8 {[%emt 0:00:12]} 30. Qg4 {[%emt 0:00:23]} 1-0

[Event "European Online Club-ch-B 2021"]
[Site "Online"]
[Date "2021.03.27"]
[Round "3.9"]
[White "Santos Latasa, Jaime"]
[Black "Brunner, Nicolas"]
[Result "1-0"]
[WhiteElo "2608"]
[BlackElo "2418"]
[Annotator "ChessBase"]
[PlyCount "77"]
[EventDate "2021.03.27"]
[EventType "team-tourn"]
[EventCountry "NET"]
[SourceTitle "playchess.com"]
[Source "ChessBase"]
[SourceQuality "1"]
[TimeControl "900+5"]

1. e4 {[%emt 0:00:00]} c5 {[%emt 0:00:02]} 2. Nf3 {[%emt 0:00:02]} e6 {[%emt 0:00:01]} 3. d4 {[%emt 0:00:12]} cxd4 {[%emt 0:00:02]} 4. Nxd4 {[%emt 0:00:01]} Nc6 {[%emt 0:00:01]} 5. Nc3 {[%emt 0:00:01]} Qc7 {[%emt 0:00:00]} 6. a3 {[%emt 0:00:02]} a6 {[%emt 0:00:03]} 7. Be3 {[%emt 0:00:08]} b5 {[%emt 0:00:11]} 8. Nxc6 {[%emt 0:00:04]} Qxc6 {[%emt 0:00:05]} 9. Bd3 {[%emt 0:00:03]} Bb7 {[%emt 0:00:08]} 10. Qd2 {[%emt 0:00:03]} Rc8 {[%emt 0:00:19]} 11. Bd4 {[%emt 0:00:15]} Nf6 {[%emt 0:00:27]} 12. e5 {[%emt 0:00:12]} Ng4 {[%emt 0:01:34]} 13. O-O-O {[%emt 0:00:38]} b4 {[%emt 0:00:26]} 14. axb4 {[%emt 0:00:03]} Bxb4 {[%emt 0:00:02]} 15. Qf4 {[%emt 0:00:02]} Nh6 {[%emt 0:00:25]} 16. Be4 {[%emt 0:01:25]} Qc7 {[%emt 0:00:04]} 17. g4 {[%emt 0:00:18]} O-O {[%emt 0:00:30]} 18. Bxb7 {[%emt 0:00:17]} Qxb7 {[%emt 0:00:03]} 19. Ne4 {[%emt 0:00:10]} Rc4 {[%emt 0:01:19]} 20. c3 {[%emt 0:00:09]} Rb8 {[%emt 0:00:41]} 21. Kc2 {[%emt 0:02:33]} Bf8 {[%emt 0:00:08]} 22. Kd3 {[%emt 0:00:19]} Qb5 {[%emt 0:00:57]} 23. Ke3 {[%emt 0:00:06]} Qxb2 {[%emt 0:00:32]} 24. Rb1 {[%emt 0:00:16]} Qxb1 {[%emt 0:00:14]} 25. Rxb1 {[%emt 0:00:03]} Rxb1 {[%emt 0:00:01]} 26. Kf3 {[%emt 0:00:06]} Rg1 {[%emt 0:01:12]} 27. h3 {[%emt 0:00:08]} a5 {[%emt 0:00:31]} 28. Qd2 {[%emt 0:00:04]} Rh1 {[%emt 0:03:20]} 29. Kg2 {[%emt 0:00:54]} Ra1 {[%emt 0:00:37]} 30. Qb2 {[%emt 0:00:28]} Re1 {[%emt 0:00:04]} 31. Nd6 {[%emt 0:00:28]} Rc6 {[%emt 0:01:07]} 32. Qb7 {[%emt 0:00:27]} a4 {[%emt 0:01:14]} 33. Qxd7 {[%emt 0:00:04]} Ra6 {[%emt 0:00:27]} 34. g5 {[%emt 0:00:25]} Rxd6 {[%emt 0:00:26]} 35. exd6 {[%emt 0:00:03]} Nf5 {[%emt 0:00:00]} 36. Bc5 {[%emt 0:00:13]} Nh4+ {[%emt 0:00:08]} 37. Kh2 {[%emt 0:01:32]} Nf5 {[%emt 0:00:23]} 38. Qe8 {[%emt 0:00:12]} Rd1 {[%emt 0:00:16]} 39. d7 {[%emt 0:00:04]} 1-0

[Event "European Online Club-ch-B 2021"]
[Site "Online"]
[Date "2021.03.27"]
[Round "3.10"]
[White "Mathieu, Phileas"]
[Black "Matnadze, Ana"]
[Result "1/2-1/2"]
[WhiteElo "2240"]
[BlackElo "2421"]
[Annotator "NA"]
[PlyCount "133"]
[EventDate "2021.03.27"]
[EventType "team-tourn"]
[EventCountry "NET"]
[SourceTitle "playchess.com"]
[Source "ChessBase"]
[SourceQuality "1"]
[TimeControl "900+5"]

1. e4 {[%emt 0:00:00]} c6 {[%emt 0:00:07]} 2. Nf3 {[%emt 0:00:13]} d5 {[%emt 0:00:03]} 3. Nc3 {[%emt 0:00:01]} g6 {[%emt 0:00:04]} 4. d4 {[%emt 0:01:04]} Bg7 {[%emt 0:00:08]} 5. Bd3 {[%emt 0:00:24]} dxe4 {[%emt 0:00:17]} 6. Nxe4 {[%emt 0:00:52]} Nf6 {[%emt 0:00:02]} 7. O-O {[%emt 0:00:04]} O-O {[%emt 0:00:03]} 8. Nxf6+ {[%emt 0:00:07]} exf6 {[%emt 0:00:04]} 9. c3 {[%emt 0:00:05]} Nd7 {[%emt 0:00:04]} 10. Bf4 {[%emt 0:00:07]} Re8 {[%emt 0:00:04]} 11. Re1 {[%emt 0:00:07]} Nf8 {[%emt 0:00:05]} 12. Rxe8 {[%emt 0:00:13]} Qxe8 {[%emt 0:00:03]} 13. Qc2 {[%emt 0:00:03]} Bg4 {[%emt 0:00:07]} 14. Re1 {[%emt 0:00:04]} Qd7 {[%emt 0:00:06]} 15. Nd2 {[%emt 0:00:25]} Re8 {[%emt 0:00:07]} 16. Rxe8 {[%emt 0:00:08]} Qxe8 {[%emt 0:00:02]} 17. f3 {[%emt 0:00:02]} Qe1+ {[%emt 0:00:18]} 18. Nf1 {[%emt 0:00:11]} Be6 {[%emt 0:00:17]} 19. Qb1 {[%emt 0:00:07]} Qxb1 {[%emt 0:00:18]} 20. Bxb1 {[%emt 0:00:02]} Nd7 {[%emt 0:00:09]} 21. Ne3 {[%emt 0:00:13]} f5 {[%emt 0:00:04]} 22. Kf2 {[%emt 0:00:04]} Bf6 {[%emt 0:00:09]} 23. a3 {[%emt 0:00:21]} Kf8 {[%emt 0:00:19]} 24. Ke2 {[%emt 0:00:13]} Ke7 {[%emt 0:00:22]} 25. Bd3 {[%emt 0:00:20]} Bb3 {[%emt 0:00:08]} 26. Bc4 {[%emt 0:00:09]} Ba4 {[%emt 0:00:42]} 27. b3 {[%emt 0:00:13]} Bb5 {[%emt 0:00:03]} 28. Bxb5 {[%emt 0:00:03]} cxb5 {[%emt 0:00:02]} 29. Nd5+ {[%emt 0:00:06]} Kf8 {[%emt 0:00:06]} 30. Kd3 {[%emt 0:00:31]} Bd8 {[%emt 0:00:07]} 31. Bd6+ {[%emt 0:00:12]} Ke8 {[%emt 0:00:16]} 32. c4 {[%emt 0:00:05]} bxc4+ {[%emt 0:00:05]} 33. bxc4 {[%emt 0:00:03]} Nf6 {[%emt 0:00:20]} 34. Nxf6+ {[%emt 0:01:08]} Bxf6 {[%emt 0:00:04]} 35. Be5 {[%emt 0:00:02]} Bg5 {[%emt 0:00:10]} 36. c5 {[%emt 0:00:17]} Bc1 {[%emt 0:00:18]} 37. a4 {[%emt 0:00:04]} Kd7 {[%emt 0:00:24]} 38. Kc4 {[%emt 0:00:02]} Be3 {[%emt 0:00:25]} 39. Kb5 {[%emt 0:00:30]} Ke6 {[%emt 0:00:32]} 40. Kc4 {[%emt 0:00:02]} a6 {[%emt 0:00:24]} 41. h3 {[%emt 0:00:19]} g5 {[%emt 0:00:09]} 42. Bb8 {[%emt 0:00:07]} h5 {[%emt 0:00:43]} 43. d5+ {[%emt 0:00:16]} Kd7 {[%emt 0:00:02]} 44. Be5 {[%emt 0:00:03]} g4 {[%emt 0:00:15]} 45. Bd4 {[%emt 0:00:08]} Bf4 {[%emt 0:00:18]} 46. Kd3 {[%emt 0:00:13]} gxh3 {[%emt 0:00:46]} 47. gxh3 {[%emt 0:00:03]} Bg5 {[%emt 0:00:26]} 48. Be3 {[%emt 0:00:18]} Bf6 {[%emt 0:00:07]} 49. Bd4 {[%emt 0:00:05]} Bg5 {[%emt 0:00:02]} 50. Be5 {[%emt 0:00:02]} Be7 {[%emt 0:00:14]} 51. Kc4 {[%emt 0:00:04]} Bg5 {[%emt 0:00:06]} 52. Bc3 {[%emt 0:00:06]} Be3 {[%emt 0:00:05]} 53. Bd4 {[%emt 0:00:03]} Bg5 {[%emt 0:00:03]} 54. Bf2 {[%emt 0:00:18]} Bf6 {[%emt 0:00:23]} 55. Bg3 {[%emt 0:00:19]} Bg5 {[%emt 0:00:03]} 56. Be5 {[%emt 0:00:02]} Be3 {[%emt 0:00:06]} 57. Bd4 {[%emt 0:00:17]} Bg5 {[%emt 0:00:03]} 58. Kd3 {[%emt 0:00:33]} Bf4 {[%emt 0:00:13]} 59. Bf6 {[%emt 0:00:10]} Bc1 {[%emt 0:00:07]} 60. Bc3 {[%emt 0:00:28]} Bg5 {[%emt 0:00:10]} 61. Bb2 {[%emt 0:00:25]} Bf4 {[%emt 0:00:14]} 62. Kd4 {[%emt 0:00:15]} Bh6 {[%emt 0:00:15]} 63. Kd3 {[%emt 0:00:21]} Bf4 {[%emt 0:00:05]} 64. Bf6 {[%emt 0:00:10]} Bc1 {[%emt 0:00:05]} 65. Be5 {[%emt 0:00:37]} Bg5 {[%emt 0:00:21]} 66. Kc4 {[%emt 0:00:14]} Be3 {[%emt 0:00:05]} 67. Bd4 {[%emt 0:00:15]} 1/2-1/2

[Event "European Online Club-ch-B 2021"]
[Site "Online"]
[Date "2021.03.27"]
[Round "3.11"]
[White "De Rover, Yong Hoon"]
[Black "Thomas, Anysia"]
[Result "1-0"]
[WhiteElo "2349"]
[BlackElo "2164"]
[Annotator "NA"]
[PlyCount "63"]
[EventDate "2021.03.27"]
[EventType "team-tourn"]
[EventCountry "NET"]
[SourceTitle "playchess.com"]
[Source "ChessBase"]
[SourceQuality "1"]
[TimeControl "900+5"]

1. Nf3 {[%emt 0:00:00]} g6 {[%emt 0:00:05]} 2. c4 {[%emt 0:00:05]} Bg7 {[%emt 0:00:07]} 3. Nc3 {[%emt 0:00:04]} c5 {[%emt 0:00:04]} 4. g3 {[%emt 0:00:03]} Nc6 {[%emt 0:00:02]} 5. Bg2 {[%emt 0:00:03]} e6 {[%emt 0:00:02]} 6. d3 {[%emt 0:00:04]} Nge7 {[%emt 0:00:01]} 7. Bg5 {[%emt 0:00:05]} h6 {[%emt 0:00:04]} 8. Bd2 {[%emt 0:00:03]} d5 {[%emt 0:00:02]} 9. a3 {[%emt 0:00:05]} O-O {[%emt 0:00:04]} 10. Rb1 {[%emt 0:00:30]} b6 {[%emt 0:00:08]} 11. Qc1 {[%emt 0:00:18]} Kh7 {[%emt 0:00:05]} 12. O-O {[%emt 0:00:03]} Bb7 {[%emt 0:00:03]} 13. b4 {[%emt 0:00:04]} cxb4 {[%emt 0:00:06]} 14. axb4 {[%emt 0:00:00]} dxc4 {[%emt 0:00:02]} 15. dxc4 {[%emt 0:00:03]} Nf5 {[%emt 0:00:16]} 16. Rd1 {[%emt 0:00:38]} Qc8 {[%emt 0:00:23]} 17. e3 {[%emt 0:04:02]} Ne5 {[%emt 0:02:41]} 18. Nxe5 {[%emt 0:00:43]} Bxg2 {[%emt 0:00:47]} 19. Kxg2 {[%emt 0:02:57]} Bxe5 {[%emt 0:00:11]} 20. e4 {[%emt 0:00:30]} Qc6 {[%emt 0:04:00]} 21. f3 {[%emt 0:00:22]} Ng7 {[%emt 0:03:00]} 22. Ne2 {[%emt 0:02:33]} g5 {[%emt 0:00:09]} 23. b5 {[%emt 0:00:51]} Qb7 {[%emt 0:00:31]} 24. Bc3 {[%emt 0:00:11]} Bxc3 {[%emt 0:00:16]} 25. Qxc3 {[%emt 0:00:04]} f5 {[%emt 0:00:49]} 26. exf5 {[%emt 0:00:17]} Nxf5 {[%emt 0:00:48]} 27. h3 {[%emt 0:01:01]} Rf7 {[%emt 0:00:32]} 28. Qd3 {[%emt 0:00:40]} Kg7 {[%emt 0:00:31]} 29. Nc3 {[%emt 0:00:49]} Raf8 {[%emt 0:01:16]} 30. Ne4 {[%emt 0:00:03]} Rd7 {[%emt 0:00:15]} 31. Qxd7+ {[%emt 0:00:09]} Qxd7 {[%emt 0:00:02]} 32. Rxd7+ {[%emt 0:00:00]} 1-0

[Event "European Online Club-ch-B 2021"]
[Site "Online"]
[Date "2021.03.27"]
[Round "3.12"]
[White "Frantz, Nicolas"]
[Black "Grochal, Joey"]
[Result "1-0"]
[WhiteElo "2140"]
[BlackElo "2335"]
[Annotator "NA"]
[PlyCount "59"]
[EventDate "2021.03.27"]
[EventType "team-tourn"]
[EventCountry "NET"]
[SourceTitle "playchess.com"]
[Source "ChessBase"]
[SourceQuality "1"]
[TimeControl "900+5"]

1. e4 {[%emt 0:00:00]} c5 {[%emt 0:00:03]} 2. Nf3 {[%emt 0:00:02]} e6 {[%emt 0:00:02]} 3. b3 {[%emt 0:00:03]} Nf6 {[%emt 0:00:06]} 4. e5 {[%emt 0:00:02]} Nd5 {[%emt 0:00:02]} 5. Bb2 {[%emt 0:00:02]} Nc6 {[%emt 0:00:03]} 6. c4 {[%emt 0:00:02]} Nde7 {[%emt 0:00:06]} 7. Nc3 {[%emt 0:00:23]} d5 {[%emt 0:01:10]} 8. exd6 {[%emt 0:00:07]} Nf5 {[%emt 0:00:03]} 9. Nb5 {[%emt 0:00:20]} Nxd6 {[%emt 0:00:05]} 10. Nxd6+ {[%emt 0:00:14]} Qxd6 {[%emt 0:00:00]} 11. g3 {[%emt 0:00:16]} e5 {[%emt 0:00:52]} 12. Bg2 {[%emt 0:00:13]} Bf5 {[%emt 0:00:58]} 13. O-O {[%emt 0:00:04]} Be7 {[%emt 0:00:39]} 14. Re1 {[%emt 0:00:04]} f6 {[%emt 0:00:08]} 15. Ba3 {[%emt 0:01:15]} O-O {[%emt 0:00:36]} 16. Nh4 {[%emt 0:01:54]} Be6 {[%emt 0:00:05]} 17. Bb2 {[%emt 0:01:30]} Rad8 {[%emt 0:00:22]} 18. Bc3 {[%emt 0:00:03]} Rd7 {[%emt 0:01:22]} 19. Qh5 {[%emt 0:00:32]} Bf7 {[%emt 0:02:28]} 20. Qg4 {[%emt 0:00:06]} Nd4 {[%emt 0:01:51]} 21. Bxd4 {[%emt 0:02:01]} Qxd4 {[%emt 0:00:21]} 22. Be4 {[%emt 0:00:06]} Bg6 {[%emt 0:02:53]} 23. Nxg6 {[%emt 0:00:32]} hxg6 {[%emt 0:00:02]} 24. Qxg6 {[%emt 0:00:03]} Rfd8 {[%emt 0:00:06]} 25. Rad1 {[%emt 0:02:55]} Bf8 {[%emt 0:00:22]} 26. Bf5 {[%emt 0:00:36]} Re7 {[%emt 0:01:00]} 27. Re4 {[%emt 0:00:07]} Qd3 {[%emt 0:00:30]} 28. Rh4 {[%emt 0:00:10]} Qf3 {[%emt 0:00:12]} 29. Rh8+ {[%emt 0:00:11]} Kxh8 {[%emt 0:00:02]} 30. Qh7# {[%emt 0:00:01]} 1-0